Los presidentes /

Furkejuvvon:
Bibliográfalaš dieđut
Váldodahkki: Bonilla, Harold H.
Materiálatiipa: Dovdameahttun
Giella:Spanish
Almmustuhtton: San José, Costa Rica : EUNED : Editorial Costa Rica, 1979.
Fáttát:
Fáddágilkorat: Lasit fáddágilkoriid
Eai fáddágilkorat, Lasit vuosttaš fáddágilkora!

MARC

LEADER 000000000a22000000004500
001 003768
041 0 |a spa 
082 0 4 |a 923.172.86   |b B715p 
100 1 |a Bonilla, Harold H. 
245 1 4 |a Los presidentes /   |c Harold H. Bonilla. 
260 1 |a San José, Costa Rica :   |b EUNED : Editorial Costa Rica,   |c 1979. 
300 |a 2. volumenes :   |b ilustraciones, retratos 
500 |a La Biblioteca contiene v.2, con número de inscripción 13656 
650 4 |a PRESIDENTES 
650 4 |a COSTA RICA 
999 |c 10188  |d 10188 
942 |c BK  |h 923.172.86 B715p  |2 z